Biblioteca Universitaria v Cagliari

Bibliographic Details
Main Author: Katová, Ľudmila, 1960- (Author)
Format: Article
Language:Slovak
PhysicalDescription:Fotogr.
ISSN:1337-9356
Subjects:
Online Access:http://www.vkjb.sk/index.php?ids=37

MARC

LEADER 00000nab a2200000 a 4500
001 vtls010650869
003 SK-MaSNL
005 20260305000038.0
008 150129c2014 xo drz 0 0slo
038 |a KEVKJB 
040 |a KEVKJB  |b slo  |c KEVKJB  |e AACR2 
041 0 |a slo 
044 |a xo  |c SK 
080 |a 027.7(450)  |2 2001 
100 1 |a Katová, Ľudmila,  |d 1960-  |4 aut  |9 134886 
245 1 0 |a Biblioteca Universitaria v Cagliari  |c Ľudmila Katová 
300 |b Fotogr. 
650 0 7 |a univerzitné knižnice  |2 kevkjb  |9 69928 
651 7 |a Cagliari (Taliansko)  |2 kevkjb  |9 23939 
651 7 |a Taliansko  |2 kevkjb  |9 21019 
655 7 |a cestopisné články  |2 kevkjb  |9 1574177 
773 0 |t Knihovník  |g Roč. 36, č. 2 (2014), s. 21-23  |x 1337-9356 
852 |a KEVKJB  |b KIS3GCP 
856 4 1 |u http://www.vkjb.sk/index.php?ids=37 
958 |a IT 
999 |c 3211939  |d 3213869